Principy dinamičeskoj teorii rešetki /
Saved in:
| Main Author: | |
|---|---|
| Format: | Book |
| Language: | Russian |
| Published: |
Moskva :
Mir,
1986
|
| Subjects: | |
| Tags: |
No Tags, Be the first to tag this record!
|
MARC
| LEADER | 00000nam a22000003a 4500 | ||
|---|---|---|---|
| 001 | stu34879 | ||
| 005 | 20150617225730.0 | ||
| 008 | 920327s1986----xxr-----------------rus-d | ||
| 040 | |a STU |b slo | ||
| 041 | 0 | |a rus | |
| 044 | |a xxr | ||
| 080 | |a 539.2 | ||
| 100 | 1 | |a Böttger, Harald |4 aut | |
| 245 | 1 | |a Principy dinamičeskoj teorii rešetki / |c [aut.]Harald Böttger; Z angl. kol | |
| 260 | |a Moskva : |b Mir, |c 1986 | ||
| 300 | |a 382 s | ||
| 650 | 7 | |a fyzika tuhých látok |2 stusub | |
| 996 | |b 284M061988 |c M*653-2 |l MMKN |s A |a 24 |w stu34879_0001 | ||